[Event "Villa Guardia D Oro Cup 30th"]
[Site "Villa Guardia"]
[Date "2012.11.04"]
[Round "6"]
[White "Rossi, Giampiero"]
[Black "Laricini, Alberto"]
[Result "1/2-1/2"]
[WhiteElo "1884"]
[BlackElo "1816"]
[PlyCount "112"]
[EventDate "2012.11.01"]
[EventType "swiss"]
[EventRounds "6"]
[EventCountry "ITA"]
[SourceTitle "EXT 2014"]
[Source "ChessBase"]
[SourceDate "2013.11.20"]
[SourceVersion "1"]
[SourceVersionDate "2013.11.20"]
[SourceQuality "1"]

1. d4 d5 2. c4 e6 3. Nc3 Nf6 4. cxd5 exd5 5. Bg5 Be7 6. e3 c6 7. Qc2 h6 8. Bh4 0-0 9. Bd3 Nbd7 10. Nge2 c5 11. 0-0 cxd4 12. Nxd4 Nc5 13. Nf5 Nxd3 14. Nxe7+ Qxe7 15. Qxd3 Be6 16. Rfd1 Rad8 17. Qd4 a6 18. Rac1 g5 19. Bg3 Nh5 20. Rd2 Nxg3 21. hxg3 Rd7 22. a3 Rfd8 23. Rcd1 f6 24. Qb4 Qxb4 25. axb4 b5 26. Ra1 Rd6 27. Ne2 Kf7 28. Nd4 Rc8 29. b3 Rc7 30. Rc2 Rxc2 31. Nxc2 Bc8 32. Nd4 Rd7 33. Rc1 Bb7 34. Rc5 h5 35. Kf1 Ke7 36. Ke2 Kd8 37. Kd3 Ke7 38. f3 Kf7 39. Ne2 f5 40. Kd4 Ke6 41. Rc1 Rh7 42. Rh1 Bc6 43. Nc1 Kd6 44. Nd3 Bd7 45. f4 g4 46. Rc1 Bc6 47. Nc5 h4 48. Rh1 h3 49. gxh3 Rxh3 50. Rxh3 gxh3 51. Nd3 Bd7 52. Nf2 h2 53. Kd3 Ke7 54. Kd4 Kd6 55. Nh1 Bc8 56. Nf2 Bd7 1/2-1/2

[Event "Villa Guardia D Oro Cup 30th"]
[Site "Villa Guardia"]
[Date "2012.11.01"]
[Round "2"]
[White "Cairoli, Camillo"]
[Black "Laricini, Alberto"]
[Result "1-0"]
[WhiteElo "1939"]
[BlackElo "1816"]
[PlyCount "41"]
[EventDate "2012.11.01"]
[EventType "swiss"]
[EventRounds "6"]
[EventCountry "ITA"]
[SourceTitle "EXT 2014"]
[Source "ChessBase"]
[SourceDate "2013.11.20"]
[SourceVersion "1"]
[SourceVersionDate "2013.11.20"]
[SourceQuality "1"]

1. Nf3 d5 2. d4 Nf6 3. e3 e6 4. Bd3 Be7 5. c4 dxc4 6. Bxc4 0-0 7. 0-0 Nbd7 8. Nc3 b6 9. Qe2 Bb7 10. e4 c5 11. Rd1 cxd4 12. Nxd4 Qb8 13. Nxe6 Rc8 14. Ng5 Rf8 15. f4 Qc8 16. e5 Ne8 17. Nxf7 Rxf7 18. Bxf7+ Kf8 19. Be6 Bc6 20. Qg4 Bc5+ 21. Kh1 1-0

[Event "Villa Guardia D Oro Cup 30th"]
[Site "Villa Guardia"]
[Date "2012.11.01"]
[Round "1"]
[White "Laricini, Alberto"]
[Black "Bernocchi, Luca"]
[Result "1-0"]
[WhiteElo "1816"]
[BlackElo "1437"]
[PlyCount "47"]
[EventDate "2012.11.01"]
[EventType "swiss"]
[EventRounds "6"]
[EventCountry "ITA"]
[SourceTitle "EXT 2014"]
[Source "ChessBase"]
[SourceDate "2013.11.20"]
[SourceVersion "1"]
[SourceVersionDate "2013.11.20"]
[SourceQuality "1"]

1. d4 g6 2. Nf3 Nf6 3. c4 Bg7 4. Nc3 d6 5. e4 0-0 6. Bg5 h6 7. Bd2 Nbd7 8. Be2 e5 9. dxe5 dxe5 10. 0-0 Nc5 11. Qc2 Nh5 12. Rad1 Qe7 13. Nd5 Qe8 14. Nxc7 Qe7 15. Nxa8 Bg4 16. Bb4 Rxa8 17. Rd5 Rc8 18. Rfd1 Bxf3 19. Bxf3 Nf4 20. Bxc5 Rxc5 21. Rd7 Qe6 22. b3 Qb6 23. a3 Qc6 24. R1d6 1-0

[Event "Como Province-ch"]
[Site "Como"]
[Date "2009.01.24"]
[Round "1"]
[White "Rizzi, Pierantonio"]
[Black "Laricini, Alberto"]
[Result "0-1"]
[WhiteElo "1416"]
[BlackElo "1724"]
[PlyCount "116"]
[EventDate "2009.01.24"]
[EventType "swiss"]
[EventRounds "6"]
[EventCountry "ITA"]
[SourceTitle "EXT 2011"]
[Source "ChessBase"]
[SourceDate "2010.11.26"]
[SourceVersion "1"]
[SourceVersionDate "2010.11.26"]
[SourceQuality "1"]

1. e4 Nf6 2. Nc3 e5 3. Nf3 d6 4. Bc4 h6 5. d4 exd4 6. Nxd4 c6 7. Nf3 Be7 8. 0-0 0-0 9. Bf4 Bg4 10. Be2 Re8 11. e5 dxe5 12. Nxe5 Bxe2 13. Nxe2 Nbd7 14. Nd3 Nd5 15. c4 Nxf4 16. Ndxf4 Nf6 17. Re1 Bc5 18. Ng3 Qb6 19. Nh3 Rxe1+ 20. Qxe1 Re8 21. Qd2 Rd8 22. Qc2 Ng4 23. Rf1 Ne5 24. a3 a5 25. Ne4 Rd4 26. Nxc5 Qxc5 27. Rd1 Rxd1+ 28. Qxd1 Qxc4 29. f4 Qc5+ 30. Nf2 Ng6 31. g3 Nf8 32. Kg2 Qb5 33. Qd2 Ne6 34. h4 Qd5+ 35. Qxd5 cxd5 36. Kf3 f6 37. Ke3 f5 38. Kd2 Nc5 39. Kc3 Ne4+ 40. Nxe4 dxe4 41. b4 axb4+ 42. axb4 Kf7 43. b5 b6 44. Kd4 h5 45. Ke3 Ke6 46. Kd4 Kd6 47. Kc4 g6 48. Kd4 Ke6 49. Kc4 e3 50. Kd3 e2 51. Kxe2 Kd5 52. Kd3 Kc5 53. Kc3 Kxb5 54. Kb3 Kc5 55. Kc3 b5 56. Kb3 b4 57. Ka4 Kc4 58. Ka5 b3 0-1

[Event "Villa Guardia D Oro Cup 26th"]
[Site "Villa Guardia"]
[Date "2008.11.11"]
[Round "6"]
[White "Grassetto, Gilberto"]
[Black "Laricini, Alberto"]
[Result "1-0"]
[WhiteElo "1886"]
[BlackElo "1697"]
[PlyCount "115"]
[EventDate "2008.10.10"]
[EventType "swiss"]
[EventRounds "7"]
[EventCountry "ITA"]
[SourceTitle "EXT 2011"]
[Source "ChessBase"]
[SourceDate "2010.11.26"]
[SourceVersion "1"]
[SourceVersionDate "2010.11.26"]
[SourceQuality "1"]

1. d4 c5 2. d5 d6 3. c4 Nf6 4. Nc3 g6 5. e4 Bg7 6. Bd3 0-0 7. Nge2 Nbd7 8. f4 Re8 9. 0-0 e6 10. f5 exd5 11. cxd5 Ne5 12. fxg6 hxg6 13. Bg5 a6 14. a4 Rb8 15. h3 Ned7 16. Qd2 Ne5 17. Rf2 c4 18. Bc2 b5 19. axb5 axb5 20. Raf1 Ned7 21. Nd4 b4 22. Nc6 Qb6 23. Nxb8 Nxb8 24. Be3 Qd8 25. Ne2 Ba6 26. Bd4 Nxe4 27. Bxe4 c3 28. bxc3 bxc3 29. Bxc3 Bxc3 30. Nxc3 Bxf1 31. Rxf1 Kg7 32. Qd4+ Re5 33. Nd1 Qe7 34. Nf2 Kg8 35. Bf3 Qg5 36. Qb6 Re8 37. Qxd6 Rd8 38. Qb6 Nd7 39. Qb2 Ne5 40. Ne4 Qe3+ 41. Qf2 Qf4 42. Qb6 Rf8 43. d6 Nxf3+ 44. gxf3 Qh4 45. Kg2 f5 46. Ng3 Qg5 47. Kh2 Rd8 48. Rd1 Qf6 49. Qd4 Qf7 50. f4 Qa2+ 51. Rd2 Qf7 52. Nh1 Kh7 53. Nf2 Qb7 54. Nd3 Qf3 55. Ne5 Qf1 56. d7 Ra8 57. Nf7 Qf3 58. Ng5+ 1-0

[Event "Villa Guardia D Oro Cup 25th"]
[Site "Villa Guardia"]
[Date "2007.11.09"]
[Round "5"]
[White "Cairoli, Camillo"]
[Black "Laricini, Alberto"]
[Result "0-1"]
[WhiteElo "1937"]
[BlackElo "1667"]
[PlyCount "109"]
[EventDate "2007.10.05"]
[EventType "swiss"]
[EventRounds "7"]
[EventCountry "ITA"]
[SourceTitle "EXT 2010"]
[Source "ChessBase"]
[SourceDate "2010.11.25"]
[SourceVersion "1"]
[SourceVersionDate "2010.11.25"]
[SourceQuality "1"]

1. Nf3 d5 2. g3 Nf6 3. Bg2 c6 4. d3 Bf5 5. Nbd2 e6 6. 0-0 Nbd7 7. c4 Be7 8. b3 0-0 9. Bb2 Re8 10. Re1 Bg6 11. e4 dxe4 12. dxe4 Nc5 13. Ne5 Nd3 14. Nxd3 Qxd3 15. Bf1 Qd8 16. Bc3 Qc7 17. e5 Nd7 18. h4 h6 19. Qf3 Rad8 20. b4 c5 21. b5 Nb6 22. a4 Rd7 23. Ne4 Red8 24. h5 Bh7 25. Qg4 Kh8 26. Nd6 Rf8 27. Re3 Kg8 28. f4 Qd8 29. Ne4 Bxe4 30. Rxe4 Kh8 31. f5 exf5 32. Qxf5 Bg5 33. Qf2 Bd2 34. Bb2 Bg5 35. Be2 Qc7 36. e6 Re7 37. Be5 Qc8 38. Bd6 Rxe6 39. Rxe6 Qxe6 40. Bxc5 Re8 41. Bf3 Qxc4 42. Bxb7 Re2 43. Qf5 Be3+ 44. Bxe3 Rxe3 45. Kh2 Nxa4 46. Bd5 Qc7 47. Qf4 Re2+ 48. Kh3 Qd7+ 49. Qg4 Rh2+ 50. Kxh2 Qxg4 51. Bxf7 Qe2+ 52. Kh3 Qxb5 53. Bg6 Qd7+ 54. Kh2 Nb6 55. Re1 0-1

[Event "Villa Guardia D Oro Cup 25th"]
[Site "Villa Guardia"]
[Date "2007.10.26"]
[Round "4"]
[White "Laricini, Alberto"]
[Black "Calabrese, Mattia"]
[Result "1-0"]
[WhiteElo "1667"]
[BlackElo "1347"]
[PlyCount "85"]
[EventDate "2007.10.05"]
[EventType "swiss"]
[EventRounds "7"]
[EventCountry "ITA"]
[SourceTitle "EXT 2010"]
[Source "ChessBase"]
[SourceDate "2010.11.25"]
[SourceVersion "1"]
[SourceVersionDate "2010.11.25"]
[SourceQuality "1"]

1. d4 f5 2. Nf3 Nf6 3. c4 g6 4. Nc3 Bg7 5. Bg5 0-0 6. e3 d6 7. Be2 Qe8 8. 0-0 e5 9. dxe5 dxe5 10. Bxf6 Rxf6 11. Nd5 Rd6 12. Qb3 Qf7 13. Rfd1 Na6 14. Rac1 c5 15. a3 Nc7 16. Nc3 Qe7 17. Rxd6 Qxd6 18. Rd1 Qe7 19. Nd5 Nxd5 20. cxd5 Kh8 21. d6 Qd7 22. Bb5 Qd8 23. d7 Bxd7 24. Rxd7 Qb6 25. Bc4 Qc6 26. Qd1 b5 27. Rd8+ Bf8 28. Rxa8 Qxa8 29. Bxb5 Qb7 30. Qd7 Qxd7 31. Bxd7 Bd6 32. Kf1 Kg7 33. Ke2 Kf6 34. Nd2 e4 35. Nc4 Bxh2 36. g3 g5 37. Kf1 h5 38. Kg2 f4 39. Kxh2 fxg3+ 40. fxg3 h4 41. Nd2 Ke5 42. gxh4 gxh4 43. Kh3 1-0

[Event "Villa Guardia Coppa d'Oro 23th"]
[Site "Villa Guardia"]
[Date "2005.11.11"]
[Round "6"]
[White "Boffi, Luigi"]
[Black "Laricini, Alberto"]
[Result "1-0"]
[WhiteElo "1563"]
[BlackElo "1622"]
[PlyCount "73"]
[EventDate "2005.10.07"]
[EventType "swiss"]
[EventRounds "8"]
[EventCountry "ITA"]
[SourceTitle "EXT 2024"]
[Source "ChessBase"]
[SourceDate "2023.10.10"]
[SourceVersion "1"]
[SourceVersionDate "2023.10.10"]
[SourceQuality "1"]

1. e4 Nf6 2. e5 Nd5 3. d4 d6 4. c4 Nb6 5. exd6 exd6 6. Nc3 Be7 7. h3 Bf5 8. Nf3 0-0 9. Bd3 Bxd3 10. Qxd3 Nc6 11. b3 Bf6 12. 0-0 Re8 13. a3 d5 14. Be3 Na5 15. c5 Nc8 16. Qb5 b6 17. Nxd5 Kf8 18. Nxf6 Qxf6 19. b4 Nc6 20. Rfe1 h6 21. Rad1 a6 22. Qd3 N8e7 23. cxb6 cxb6 24. d5 Nd8 25. d6 Ng6 26. Bxb6 Ne6 27. Bc5 Kg8 28. Qd5 Ngf4 29. Qe5 Nxh3+ 30. Kh2 Qxe5+ 31. Nxe5 Nhg5 32. d7 Rf8 33. Bxf8 Kxf8 34. Nc6 f6 35. d8Q+ Nxd8 36. Rxd8+ Rxd8 37. Nxd8 1-0

[Event "Como Province-ch"]
[Site "Villa Guardia"]
[Date "2004.03.07"]
[Round "2"]
[White "Laricini, Alberto"]
[Black "Ghelfi, Giancarlo"]
[Result "0-1"]
[WhiteElo "1504"]
[BlackElo "1600"]
[PlyCount "92"]
[EventDate "2004.03.06"]
[EventType "swiss"]
[EventRounds "6"]
[EventCountry "ITA"]
[SourceTitle "EXT 2024"]
[Source "ChessBase"]
[SourceDate "2023.10.10"]
[SourceVersion "1"]
[SourceVersionDate "2023.10.10"]
[SourceQuality "1"]

1. d4 Nf6 2. Nf3 g6 3. c4 Bg7 4. Nc3 0-0 5. e4 d6 6. Bg5 Nbd7 7. Be2 e5 8. d5 Nc5 9. Qc2 a5 10. 0-0 Bg4 11. h3 Bxf3 12. Bxf3 Qd7 13. Rac1 h6 14. Be3 Qe7 15. Rfd1 Nfd7 16. Nb5 c6 17. dxc6 bxc6 18. Nxd6 Ne6 19. Qd2 Nd4 20. c5 Nxc5 21. Nc4 Nxf3+ 22. gxf3 Rfd8 23. Bxc5 Qxc5 24. Qe2 Rd4 25. Nd2 Qb5 26. Qxb5 cxb5 27. Rc2 Rad8 28. Kf1 h5 29. Ke2 Bh6 30. b3 Kg7 31. h4 b4 32. Ke1 Bf4 33. Ke2 Kh6 34. Ke1 g5 35. hxg5+ Kxg5 36. Ke2 h4 37. Rg1+ Kh5 38. Nc4 Rc8 39. Rg7 Rc7 40. Rg1 h3 41. Rh1 h2 42. Kf1 Rd1+ 43. Kg2 Rxh1 44. Kxh1 f6 45. Re2 a4 46. Ne3 Rc1+ 0-1

[Event "Como Province-ch"]
[Site "Como"]
[Date "1998.??.??"]
[Round "4"]
[White "Revinelli, Sergio"]
[Black "Laricini, Alberto"]
[Result "0-1"]
[WhiteElo "1687"]
[BlackElo "1627"]
[PlyCount "78"]
[EventDate "1998.??.??"]
[EventType "swiss"]
[EventRounds "8"]
[EventCountry "ITA"]
[SourceTitle "EXT 2023"]
[Source "ChessBase"]
[SourceDate "2022.10.05"]
[SourceVersion "1"]
[SourceVersionDate "2022.10.05"]
[SourceQuality "1"]

1. e4 Nf6 2. e5 Nd5 3. c4 Nb6 4. c5 Nd5 5. Bc4 e6 6. Nc3 c6 7. Ne4 Qa5 8. Nd6+ Bxd6 9. cxd6 Nb6 10. f4 Nxc4 11. Nf3 Ne3 12. Qe2 Nc2+ 13. Kf2 Nxa1 14. d3 Qxa2 15. g4 Qd5 16. h4 Nb3 17. Be3 b6 18. f5 Ba6 19. Rd1 Nc5 20. Bxc5 Qxc5+ 21. Kg3 exf5 22. gxf5 Qd5 23. Qd2 h6 24. Qf4 Qb3 25. Re1 0-0 26. f6 Qxd3 27. fxg7 Qg6+ 28. Kh2 Re8 29. Rg1 Qh5 30. Re1 c5 31. Rg1 Bb7 32. Ng5 hxg5 33. Rxg5 Qe2+ 34. Kg3 Qd3+ 35. Kf2 Qd4+ 36. Kg3 Qxf4+ 37. Kxf4 Re6 38. Kf5 Nc6 39. Kf4 Rae8 0-1